[Event "Magnus Carlsen Invitational 2020 Final4"]
[Site "magnuscarlsen.com"]
[Date "2020.05.02"]
[Round "1.1"]
[White "Carlsen, Magnus"]
[Black "Ding, Liren"]
[Result "1/2-1/2"]
[WhiteElo "2881"]
[BlackElo "2836"]
[Annotator "TA"]
[PlyCount "95"]
[EventDate "2020.04.18"]
[EventType "k.o."]
[EventCountry "NOR"]
[SourceTitle "playchess.com"]
[Source "ChessBase"]
[SourceQuality "1"]

{[%evp 14,95,0,-5,-2,-16,-17,-37,42,40,38,26,31,27,28,25,31,19,21,28,56,45,53,41,41,41,41,41,41,41,41,41,41,41,41,41,41,29,29,29,29,19,19,19,19,19,57,57,58,57,75,57,83,83,83,83,83,83,100,58,83,83,83,83,83,82,82,82,82,82,82,82,82,-228,-228,-228,-228,-228,0,-228,0,-228,0,-228]} 1. d4 Nf6 2. Nf3 d5 3. Bf4 e6 4. Nbd2 Bd6 5. Bg5 Be7 6. e3 O-O 7. Bd3 {7.Bd3 has lost popularity.} b6 8. Qe2 Bb7 {D03: 1 d4 d5 2 Nf3 Nf6 3 Bg5, including Torre Attack with early ...d5.} 9. Bxf6 Bxf6 10. h4 Nd7 {[#]} ({Black should play} 10... c5 $15 11. c3 Nd7) 11. Ng5 $146 ({Predecessor:} 11. O-O-O e5 12. dxe5 Nxe5 13. Nxe5 Bxe5 14. Bxh7+ Kxh7 15. Qh5+ Kg8 16. Qxe5 Re8 17. Qf4 Qe7 18. Nf3 c5 19. h5 {1-0 (18) Hollstein,J (2067)-Schrickx,F (1901) Dresden 2013}) 11... h6 12. f4 c5 {[#] White must now prevent ...c4.} 13. c3 $1 Be7 14. g4 Nf6 15. a3 Rc8 16. Qg2 Bd6 17. Ngf3 cxd4 18. cxd4 Ne4 19. g5 h5 20. Ne5 {[%cal Rd2e4]} Nxd2 21. Qxd2 g6 22. Kf2 Kg7 23. Rac1 Qe7 24. Qe2 Rc7 25. Rxc7 Qxc7 26. Rd1 Rc8 27. Rd2 Qc1 28. Qd1 Qxd1 29. Rxd1 Bxe5 30. fxe5 $11 {[%mdl 4096] Endgame KRB-KRB} Kf8 31. Ke2 Ke7 32. Kd2 Rc7 33. b4 a6 34. a4 {[%cal Ba3a4,Ba4a5][%mdl 32]} Rc8 35. Rf1 Rd8 36. Rf6 Rg8 37. a5 b5 38. Rf1 (38. Kc1 {keeps more tension.} Ra8 39. Be2 Rc8+ 40. Kb2 Rc7 41. Rf1) 38... Rc8 39. Rc1 (39. Ra1 {looks sharper.} Kd7 40. Bc2 Ke7 41. Ra3 Rc4 42. Kc1) 39... Rxc1 40. Kxc1 $16 {KB-KB} Bc6 41. Kd2 Kd7 42. Ke2 Ke7 43. Bxg6 $2 {[%mdl 8192] [#]} (43. Kf3 $16 {keeps the pressure on.}) 43... fxg6 $19 44. Kd2 Bd7 45. Ke1 Bc6 46. Kd2 $1 Bd7 47. Ke1 $1 Bc6 48. Kd2 $1 {Accuracy: White = 90%, Black = 85%.} 1/2-1/2

[Event "Magnus Carlsen Invitational 2020 Final4"]
[Site "magnuscarlsen.com"]
[Date "2020.05.01"]
[Round "1.1"]
[White "Caruana, Fabiano"]
[Black "Nakamura, Hikaru"]
[Result "1/2-1/2"]
[WhiteElo "2773"]
[BlackElo "2829"]
[Annotator "TA"]
[PlyCount "83"]
[EventDate "2020.04.18"]
[EventType "k.o."]
[EventCountry "NOR"]
[SourceTitle "playchess.com"]
[Source "ChessBase"]
[SourceQuality "1"]

{[%evp 14,83,22,11,12,0,6,0,0,0,0,0,0,5,0,5,35,39,37,39,50,43,31,22,14,13,10,8,6,13,25,14,32,29,35,27,48,0,0,0,0,0,0,0,0,0,0,-6,-7,-8,-7,-6,0,0,0,0,0,0,0,0,0,0,0,0,0,0,0,0,0,0,0,0]} 1. e4 e5 2. Nf3 Nc6 3. Bc4 Bc5 4. O-O Nf6 5. d3 d6 6. c3 h6 7. Re1 O-O 8. h3 a5 {Nowadays more popular than 8...a6. C54: Giuoco Piano: 4 c3 Nf6, main lines with 5 d4 and 5 d3.} 9. d4 Bb6 10. Be3 exd4 11. cxd4 d5 ({Don't blunder} 11... Nxe4 $2 12. d5 $16) 12. exd5 Ne7 13. Nc3 {[#]} Nexd5 $146 ({Predecessor:} 13... Nfxd5 14. Bd2 c6 15. Qb3 Bc7 16. a4 Nb6 17. Bd3 Bf5 18. Bxf5 Nxf5 19. Re4 Nd7 20. Qxb7 {½-½ (56) Mulligan,B (2354)-Mozelius,P (2271) ICCF email 2016}) 14. Qd2 {[#] Bxh6! is the strong threat.} Nxe3 15. Rxe3 c6 16. Rd1 Nd5 17. Nxd5 cxd5 18. Bb3 Bf5 19. Ne5 a4 20. Bc2 Bxc2 21. Qxc2 Bc7 22. Rde1 Bxe5 23. Rxe5 Qd6 24. a3 Qc6 25. Qd1 Rae8 {The position is equal.} 26. R1e3 Rxe5 27. dxe5 $11 {[%mdl 4096] Endgame KQR-KQR} Re8 28. Qd2 Rc8 29. Kh2 Qe6 30. Qd3 Rc4 31. Re2 b5 32. b3 Re4 (32... axb3 {is interesting.} 33. Qxb3 Qc6 34. Rb2 Qc7 35. f4 Qb6) 33. Rxe4 dxe4 34. Qxb5 Qxb3 {KQ-KQ} 35. Qe8+ Kh7 36. Qd7 e3 37. fxe3 $1 Qxe3 38. Qf5+ Kg8 39. Qc8+ Kh7 40. Qf5+ Kg8 41. Qc8+ Kh7 42. Qf5+ {Accuracy: White = 96%, Black = 96%.} 1/2-1/2

[Event "Magnus Carlsen Invitational 2020 Final4"]
[Site "magnuscarlsen.com"]
[Date "2020.05.02"]
[Round "1.2"]
[White "Ding, Liren"]
[Black "Carlsen, Magnus"]
[Result "1-0"]
[WhiteElo "2836"]
[BlackElo "2881"]
[Annotator "TA"]
[PlyCount "65"]
[EventDate "2020.04.18"]
[EventType "k.o."]
[EventCountry "NOR"]
[SourceTitle "playchess.com"]
[Source "ChessBase"]
[SourceQuality "1"]

{[%evp 14,65,34,15,32,18,17,14,15,20,23,12,18,12,14,17,16,20,22,10,19,18,25,12,32,26,10,12,17,6,6,8,0,8,32,0,14,0,6,0,0,0,8,0,0,0,0,0,0,0,758,775,29997,29998]} 1. e4 e5 2. Nf3 Nc6 3. Bc4 Bc5 4. O-O Nf6 5. d3 d6 6. c3 h6 7. Re1 O-O 8. h3 Re8 {C54: Giuoco Piano: 4 c3 Nf6, main lines with 5 d4 and 5 d3.} 9. Nbd2 a6 10. a4 Be6 {The position is equal.} 11. Bxe6 Rxe6 12. b4 Ba7 13. Qc2 Qd7 14. Nf1 d5 15. Be3 Bxe3 16. Nxe3 Ne7 17. a5 {[#]} Ng6 $146 ({Predecessor:} 17... Rc8 18. Nxd5 Nfxd5 19. exd5 Qxd5 20. d4 exd4 21. Nxd4 Rxe1+ 22. Rxe1 {½-½ (22) Tolstik,A (2279)-Schwarz,J (2326) ICCF email 2017}) 18. g3 Rd8 19. Kg2 Qc6 {[%cal Rd5e4]} 20. Nf5 Ne7 21. Nxe7+ Rxe7 22. c4 dxe4 23. dxe4 Qe8 24. Rad1 c5 25. bxc5 Rc8 26. Nh4 Rxc5 27. Nf5 Rd7 28. Rxd7 Qxd7 29. Rd1 Qc7 30. Rd6 {aiming for Rxf6!} Rxc4 31. Qd3 {Black must now prevent Rxf6!} Kh7 $2 {[%mdl 8192] [#]} (31... Rc3 $11 32. Qe2 Rc2) 32. Rxf6 $1 $18 {[%mdl 512]} gxf6 33. Qe3 {Accuracy: White = 95%, Black = 86%.} 1-0

[Event "Magnus Carlsen Invitational 2020 Final4"]
[Site "magnuscarlsen.com"]
[Date "2020.05.01"]
[Round "1.2"]
[White "Nakamura, Hikaru"]
[Black "Caruana, Fabiano"]
[Result "1/2-1/2"]
[WhiteElo "2829"]
[BlackElo "2773"]
[Annotator "TA"]
[PlyCount "131"]
[EventDate "2020.04.18"]
[EventType "k.o."]
[EventCountry "NOR"]
[SourceTitle "playchess.com"]
[Source "ChessBase"]
[SourceQuality "1"]

{[%evp 13,131,16,19,22,22,14,20,26,18,10,20,22,19,-5,-13,-8,8,7,15,-15,-17,-5,0,-32,0,0,13,3,15,16,12,0,0,0,0,0,2,0,11,0,7,0,0,0,0,0,37,45,39,52,67,35,94,5,39,0,101,89,115,110,124,110,122,111,111,96,96,82,89,60,60,14,16,0,31,33,48,0,12,20,50,31,58,34,64,7,8,7,38,-85,-85,-85,-85,-85,-85,-85,-12,-12,-12,-22,0,-12,-12,-12,0,0,0,0,0,0,0,0,0,0,0,0,0,0,0,0]} 1. d4 d5 2. c4 c6 3. cxd5 cxd5 4. Bf4 Nf6 5. Nc3 Nc6 6. e3 Bf5 7. Qb3 Na5 8. Qa4+ {D10: Slav Defence: 3 cxd5 (without early Nf3) and 3 Nc3.} Bd7 9. Qc2 e6 10. Bd3 Rc8 {Recently 10...Be7 got a lot of attention.} 11. Nf3 Bb4 12. O-O Nh5 13. Be5 f6 14. Bg3 Nxg3 15. hxg3 Nc4 {[#] Black wants to play ...Nxb2!} 16. a3 $146 ({Predecessor:} 16. Rac1 Qa5 17. g4 Ke7 18. e4 Nxb2 19. Qxb2 Bxc3 20. Qe2 {1-0 (20) Potapova,M (2284)-Filipenko,A (2234) Sochi 2018}) 16... Bxc3 17. bxc3 Nd6 18. a4 g6 19. Nd2 O-O 20. Rfc1 Qe7 21. Qb3 Rc7 22. Qa3 Rfc8 {[#]} 23. c4 $1 {[%mdl 512]} dxc4 {[#]} 24. Rxc4 $1 {[%mdl 512]} Bc6 (24... Rxc4 25. Nxc4) 25. Rc5 b6 26. Rc3 Bb7 27. Rxc7 Qxc7 28. Bf1 Qd7 29. a5 Bd5 30. axb6 axb6 31. Qb4 b5 32. Ra6 Rd8 (32... Rc6 $14 33. Ra8+ (33. Bxb5 Nxb5 34. Ra8+ Rc8 $11) 33... Kg7) 33. Qa5 (33. Qc5 $16) 33... Rb8 34. Qb4 (34. g4 $14) 34... Rd8 $16 35. Nb3 Bxb3 36. Qxb3 Rc8 37. Qb4 Nc4 38. Be2 Kg7 39. Bg4 f5 40. Be2 h5 41. Ra1 Nd6 42. Rb1 Qc7 43. Ra1 ({Reject} 43. Bxb5 Rb8 $17) 43... Qb6 44. Bd3 Kf7 45. Rb1 Rc7 46. Kh2 Rc8 47. Ra1 Kf6 48. f3 Kf7 49. Rb1 (49. e4 $14) 49... Qc7 $11 50. e4 Nc4 51. Qxb5 (51. e5 $14 {stays ahead.}) 51... Na3 $17 {[%mdl 64] Double Attack} 52. Qb3 Nxb1 53. exf5 gxf5 54. Bxf5 Qd6 ({Black should play} 54... Qc4 $17 55. Qxc4 Rxc4 56. Bxb1 Rxd4) 55. Bxb1 $11 {[%mdl 4096] Endgame KQR-KQB. The position is equal.} h4 56. f4 Rg8 57. Qb7+ {[#]} Kf6 $1 {[%mdl 512]} 58. Qh7 {[%mdl 64] Double Attack} hxg3+ 59. Kh3 Qf8 {aiming for ...Rh8.} 60. Qh4+ Kf7 {...Rh8 is the strong threat.} 61. Qh5+ Ke7 {Threatens to win with ...Rh8!} 62. Qc5+ Ke8 63. Qb5+ Kf7 64. Qh5+ Ke7 {And now ...Rh8! would win.} 65. Qc5+ Kf7 {( -> ...Qh6+)} 66. Qh5+ {Accuracy: White = 78%, Black = 81%.} 1/2-1/2

[Event "Magnus Carlsen Invitational 2020 Final4"]
[Site "magnuscarlsen.com"]
[Date "2020.05.02"]
[Round "1.3"]
[White "Carlsen, Magnus"]
[Black "Ding, Liren"]
[Result "1-0"]
[WhiteElo "2881"]
[BlackElo "2836"]
[Annotator "TA"]
[PlyCount "65"]
[EventDate "2020.04.18"]
[EventType "k.o."]
[EventCountry "NOR"]
[SourceTitle "playchess.com"]
[Source "ChessBase"]
[SourceQuality "1"]

{[%evp 9,65,-2,19,14,26,8,10,-44,-39,-43,-42,-44,-46,-61,-61,-58,-51,-61,-56,-71,-53,-73,-92,-81,-88,-72,-72,-73,-72,-87,-98,-97,0,-36,0,0,0,0,8,10,89,97,221,202,199,205,210,209,212,207,195,210,54,0,29996,29997,29998,29999]} 1. d4 Nf6 2. Nf3 d5 3. Bf4 e6 (3... c5 4. e3 Nc6 5. Be2 cxd4 6. exd4 Bg4 7. c3 e6 8. Nbd2 Bd6 9. Ne5 Bxe2 10. Qxe2 O-O 11. O-O Qc7 12. Rfe1 Nd7 13. Nxd7 Qxd7 14. Bxd6 Qxd6 15. Nb3 Rab8 {½-½ (36) Carlsen,M (2861)-Ding,L (2805) Abidjan 2019}) 4. Nbd2 c5 5. e3 Qb6 6. Rb1 {D02: 1 d4 d5 2 Nf3 sidelines, including 2...Nf6 3 g3 and 2...Nf6 3 Bf4.} Bd6 $5 {[%mdl 4] [#] Leaves trodden paths.} 7. c3 $146 ({Predecessor:} 7. dxc5 Qxc5 8. Bd3 Nbd7 9. b4 Qc7 10. Bxd6 Qxd6 11. c4 O-O 12. O-O b6 13. cxd5 Qxd5 {½-½ (26) Fernandez Ballon,A (2361)-Rheinstaedtler,K (2367) Remote email 2012}) 7... cxd4 8. cxd4 ({White should play} 8. Qa4+ $11 Bd7 9. Qxd4 Qxd4 10. Nxd4) 8... Bxf4 $15 9. exf4 Nc6 10. Nb3 a5 {[%cal Ba7a5,Ba5a4][%mdl 32]} 11. a3 a4 12. Nc1 Bd7 13. Na2 Ne4 {Threatens to win with ...Qa5+.} 14. Nc3 Qc7 15. g3 Nxc3 16. bxc3 Na5 17. Rc1 {[%cal Bb1c1,Bc1c2,Bc2e2,Be2e8,Be8f8][%mdl 32]} Nb3 18. Rc2 Qd6 19. Bd3 Qxa3 20. O-O f6 (20... Qd6 $17 21. Ne5 O-O) 21. Re1 O-O 22. Qb1 $1 {And now Ra2 would win.} Qd6 23. Rce2 h6 24. f5 {[%cal Rf5e6]} exf5 {[#]} (24... Rae8 $11 {remains equal.}) 25. Nh4 $1 $16 Rae8 (25... Rfd8 $16) 26. Nxf5 $18 Bxf5 27. Rxe8 Nd2 {[#]} 28. Rxf8+ $1 Kxf8 29. Qxb7 {Threatening mate with Qa8+.} Nf3+ 30. Kh1 {Intending Qa8+ and mate.} Nxe1 31. Bxf5 (31. Qa8+ $14 Kf7 32. Bxf5) 31... Nf3 $2 {[%mdl 8192]} (31... Qe7 $11 32. Qa6 (32. Qxd5 Qe2 $11) 32... Kf7) 32. Bg6 {[%csl Gg6][%cal Rb7f7]} Ng5 33. Qc8+ {Accuracy: White = 91%, Black = 71%.} 1-0

[Event "Magnus Carlsen Invitational 2020 Final4"]
[Site "magnuscarlsen.com"]
[Date "2020.05.01"]
[Round "1.3"]
[White "Caruana, Fabiano"]
[Black "Nakamura, Hikaru"]
[Result "0-1"]
[WhiteElo "2773"]
[BlackElo "2829"]
[Annotator "TA"]
[PlyCount "82"]
[EventDate "2020.04.18"]
[EventType "k.o."]
[EventCountry "NOR"]
[SourceTitle "playchess.com"]
[Source "ChessBase"]
[SourceQuality "1"]

{[%evp 14,82,21,21,14,12,18,15,18,3,3,5,0,0,0,0,0,0,0,0,0,0,0,0,0,0,0,-19,0,0,0,0,0,0,0,0,0,0,-7,-31,-30,-26,-30,-81,-71,-186,-166,-318,-328,-463,-457,-469,-472,-407,-391,-400,-400,-473,-485,-485,-491,-490,-491,-450,-493,-495,-481,-485,-408,-862,-815]} 1. e4 e5 2. Nf3 Nc6 3. Bc4 Bc5 4. O-O Nf6 5. d3 d6 6. c3 h6 7. Re1 O-O 8. h3 a5 {is now debated instead of 8...a6. C54: Giuoco Piano: 4 c3 Nf6, main lines with 5 d4 and 5 d3.} 9. Nbd2 {[%cal Bb1d2,Bd2f1,Bf1g3][%mdl 32]} Bb6 10. Bb3 Be6 {The position is equal.} 11. Ba4 Nd7 12. Nf1 f5 13. exf5 Bxf5 {[#]} 14. d4 $146 ({Predecessor:} 14. Ng3 Bg6 15. Be3 Kh8 16. d4 exd4 17. Nxd4 Nxd4 18. Bxd4 Bxd4 19. cxd4 Nb6 20. Bc2 {½-½ (56) Matlakov,M (2401)-Ponkratov,P (2378) Satka 2005}) 14... exd4 15. cxd4 Nf6 16. Ng3 Bh7 17. Bb3+ Kh8 18. a3 Ne7 19. Be6 c6 20. Bd2 Nfd5 21. a4 Nb4 22. Bxb4 axb4 23. Qb3 Ba5 24. Re3 Ng6 25. Bf5 {aiming for Qc2.} Bg8 26. Qc2 Nh4 27. Nxh4 Qxh4 28. Qd3 (28. Be6 $11) 28... Bb6 29. Re4 {[#]} (29. Rd1 $17 {might work better.}) 29... Qf6 $1 $36 {[%mdl 2048] Black is in control.} 30. Rg4 $2 (30. Rae1 {is a better defense.}) 30... Ra5 31. Bg6 (31. Rf4 $142) 31... Be6 (31... Qxf2+ $2 32. Kh2 $19) 32. Ne4 Qxd4 33. Qxd4 Bxd4 34. Rd1 Bxb2 35. Rg3 Be5 36. Re3 Bd5 37. g3 Rxa4 38. f4 Ra1 39. Red3 Rxd1+ 40. Rxd1 Bc3 41. Nxd6 (41. Kf2 $142) 41... Rf6 {[%mdl 64] Double Attack. Accuracy: White = 68%, Black = 100%.} 0-1

[Event "Magnus Carlsen Invitational 2020 Final4"]
[Site "magnuscarlsen.com"]
[Date "2020.05.02"]
[Round "1.4"]
[White "Ding, Liren"]
[Black "Carlsen, Magnus"]
[Result "0-1"]
[WhiteElo "2836"]
[BlackElo "2881"]
[Annotator "TA"]
[PlyCount "90"]
[EventDate "2020.04.18"]
[EventType "k.o."]
[EventCountry "NOR"]
[SourceTitle "playchess.com"]
[Source "ChessBase"]
[SourceQuality "1"]

{[%evp 14,90,13,0,0,0,0,0,0,0,7,0,37,34,39,43,53,48,54,12,14,6,33,0,0,0,0,-28,-36,-68,-61,-71,-53,-97,-97,-78,-37,-39,-45,-43,-36,-70,0,-45,0,0,0,0,76,56,49,-15,0,0,0,0,0,0,0,0,0,-33,-15,-28,17,0,95,89,88,-158,0,0,0,0,-3,-515,-118,-689,-682]} 1. d4 d5 2. c4 c6 3. Nf3 Nf6 4. Nc3 e6 5. e3 Nbd7 6. Be2 Bd6 7. O-O O-O 8. b3 b6 {D45: Semi-Slav: 5 e3.} 9. Bb2 Bb7 10. a4 a5 {The position is equal.} 11. Bd3 {[#]} Rc8 $146 ({Predecessor:} 11... Qe7 12. Nd2 Rfd8 13. f4 Bb4 14. Qe2 c5 15. Nb5 Rac8 16. Nf3 Ne4 17. Rac1 Ndf6 {½-½ (40) Mesquita Jr,F (2388)-Rodriguez Fraga,Y (2425) ICCF email 2018}) 12. Qe2 c5 13. Nb5 Bb8 14. Ne5 Qe7 15. f4 dxc4 16. bxc4 Ne4 17. Rad1 Rcd8 18. Ba3 Nxe5 19. fxe5 f5 20. Rb1 Qg5 21. Rb2 Rf7 22. Qe1 Rfd7 23. Re2 h6 24. Bb2 Bc6 25. Bc2 Kh8 26. Rf3 Qg6 27. Rh3 Qg5 28. Rf3 {[#]} Nc3 $1 {[%mdl 512]} 29. d5 $1 (29. Bxc3 Bxf3) 29... Nxe2+ 30. Qxe2 {And now Nd6 would win.} Bb7 (30... Qh5 $11 31. e4 (31. dxc6 $2 Rd2 $19) 31... Bxb5 32. axb5 f4 $1 {[%mdl 512]}) 31. Rg3 $1 $16 {[%cal Rg3g5][%mdl 1024] White has strong compensation.} Qh4 32. d6 (32. e4 $14) 32... Be4 33. Bd1 Bc6 34. Rh3 Qg5 35. Rg3 Qh4 36. Rh3 Qg5 37. Nc3 Rf8 38. Qf2 Qd8 39. Ne2 {[#]} Kh7 (39... Bxd6 $1 $11 {remains equal.} 40. exd6 Rxd6) 40. Nf4 Bxd6 ({Don't blunder} 40... Qe8 $2 41. Bh5 $16) 41. Nxe6 $2 {[#]} (41. exd6 $16 {keeps the pressure on. Rg3 is the strong threat.} Rxd6 42. Be2) 41... Qe8 $2 (41... Bxe5 $1 $17 {[%mdl 512]} 42. Be2 {[#]} (42. Bxe5 Rxd1+) 42... Rd1+ $1 {[%mdl 512]} 43. Bf1 Bxb2 $1 {[%mdl 512]} 44. Nxd8 Rfxd8) 42. Nxf8+ $11 Bxf8 43. Qxf5+ g6 44. Qf1 $2 {[%mdl 8192]} (44. Qb1 $1 $11) 44... Bg7 $2 (44... Rd2 $19 45. Bc3 Rxg2+ 46. Qxg2 Bxg2 47. Kxg2 Qd7) 45. Bc2 $2 {[%mdl 8192]} (45. Rg3 $17 Bxe5 46. Bxe5 Qxe5 47. Bc2) 45... Rd2 {[%mdl 64] Double Attack. Accuracy: White = 59%, Black = 70%.} 0-1

[Event "Magnus Carlsen Invitational 2020 Final4"]
[Site "magnuscarlsen.com"]
[Date "2020.05.01"]
[Round "1.4"]
[White "Nakamura, Hikaru"]
[Black "Caruana, Fabiano"]
[Result "0-1"]
[WhiteElo "2829"]
[BlackElo "2773"]
[Annotator "TA"]
[PlyCount "116"]
[EventDate "2020.04.18"]
[EventType "k.o."]
[EventCountry "NOR"]
[SourceTitle "playchess.com"]
[Source "ChessBase"]
[SourceQuality "1"]

{[%evp 11,116,34,37,31,53,58,63,44,48,29,47,47,69,69,72,47,43,50,50,50,56,60,51,53,65,67,80,71,92,104,100,58,87,95,96,71,109,110,116,94,94,99,103,84,84,29,115,111,110,114,104,103,98,15,29,-26,-39,-36,-33,-29,-32,-21,0,0,0,0,0,0,0,0,0,-11,0,-22,-35,-152,-61,-77,-73,-53,-20,-337,-297,-295,-315,-494,-535,-529,-538,-483,-537,-493,-530,-503,-518,-891,0,-174,0,-570,-566,-1133,-1129,-1539,-1527,-6701,-6299]} 1. Nf3 d6 2. d4 Nf6 3. c4 g6 4. Nc3 Bf5 5. Nh4 Bd7 6. e4 e5 7. Nf3 {E61: King's Indian: Early deviations for White, including Smyslov System.} Nc6 8. d5 Ne7 9. Be2 {White is slightly better.} Bg7 10. Be3 O-O 11. Nd2 {[#]} c6 $146 ({Predecessor:} 11... Ne8 12. O-O f5 13. f3 c5 14. dxc6 bxc6 15. b4 a5 16. a3 Rb8 17. Rb1 axb4 18. axb4 {½-½ (42) Prohaszka,P (2547)-Jobava,B (2704) Sarajevo 2011}) 12. O-O Ne8 13. dxc6 bxc6 14. b4 Be6 15. Nb3 f5 16. f3 Nf6 17. Na5 Qd7 18. Rc1 Rac8 19. Qd2 Rfd8 20. Rfd1 Bf7 21. Bf2 h6 22. b5 c5 23. Bd3 f4 24. Nd5 Nexd5 25. cxd5 g5 26. Nc6 Re8 27. Kh1 g4 28. Bh4 (28. Be2 $16) 28... Kh8 (28... gxf3 $11 29. gxf3 Qh3 {[%mdl 64] Double Attack}) 29. Be2 $16 Bg6 30. Qe1 Nh7 31. a4 Ng5 32. Qf1 ({Better is} 32. a5 $16) 32... Bf6 $11 {White should prevent ...Nxe4.} 33. a5 (33. Qf2 $142) 33... Nxe4 $1 34. Bd3 {[%mdl 64] Pin} Bxh4 35. Bxe4 Bxe4 36. fxe4 Rf8 37. b6 axb6 38. axb6 {With the idea Ra1.} Qb7 39. Ra1 $1 {aiming for Qa6.} Ra8 40. Rxa8 $1 Rxa8 41. Qb5 (41. g3 $5) 41... f3 $36 {[%mdl 2048] Black fights for an advantage.} 42. g3 Bg5 {And now ...c4! would win.} 43. Na5 (43. h3 $15) 43... Qf7 ({Black should try} 43... Qh7 $1 $17 {[%cal Rh7e4]} 44. b7 Rb8) 44. b7 $15 Rb8 {...f2 is the strong threat.} 45. Rf1 Kg7 {White must now prevent ...Bd8.} 46. Qa6 $2 {[%mdl 8192] [#]} (46. h3 $1 $11) 46... Qg6 $1 $19 47. Qd3 h5 48. h4 {[#]} (48. Qb1 $142 Qf7 49. Qd3) 48... Bxh4 $1 {[%mdl 512]} 49. gxh4 Qf6 50. Kg1 Qxh4 {( -> ...Qg3+)} 51. Qd2 {intending Nc4.} Kg6 ({Less strong is} 51... Qg3+ 52. Kh1 $17) 52. Nc4 Qf6 53. Na5 (53. Qb2 $142 h4 54. Qh2 (54. Qb6 $2 h3 $19)) 53... Qh4 $2 (53... g3 54. Qb2 Qf4) 54. Nc4 $1 Qf6 $2 ({Inferior is} 54... Rxb7 55. Nxd6 Qg3+ 56. Kh1 $11) ({Black should play} 54... Qe7 $19 55. Rb1 Rxb7 56. Rxb7 Qxb7 57. Nxd6 Qb1+ 58. Kh2 Qb4) 55. Ne3 $2 {[%mdl 8192]} (55. Na5 $1 $11 g3 56. Nc4 f2+ 57. Rxf2 gxf2+ 58. Qxf2 Rxb7 59. Qf5+ Qxf5 60. exf5+ Kf6 61. Kf2) 55... Qf4 {Black is clearly winning.} 56. Qf2 Qxe4 57. Re1 Rxb7 58. Ng2 Qd4 {Accuracy: White = 62%, Black = 81%.} 0-1

[Event "Magnus Carlsen Invitational 2020 Final4"]
[Site "magnuscarlsen.com"]
[Date "2020.05.01"]
[Round "1.5"]
[White "Caruana, Fabiano"]
[Black "Nakamura, Hikaru"]
[Result "0-1"]
[WhiteElo "2773"]
[BlackElo "2829"]
[Annotator "TA"]
[PlyCount "102"]
[EventDate "2020.04.18"]
[EventType "k.o."]
[EventCountry "NOR"]
[SourceTitle "playchess.com"]
[Source "ChessBase"]
[SourceQuality "1"]

{[%evp 14,102,37,10,17,10,27,21,17,18,31,25,16,0,0,0,16,23,22,19,24,1,15,-17,-23,-43,-34,-85,-87,-96,-59,-73,-46,-89,-83,-105,-91,-122,-89,-114,-56,-90,-104,-101,-81,-95,-85,-110,-68,-103,-107,-108,-76,-145,-9,-11,-6,-16,-13,-89,-35,-38,-37,-24,-35,-41,0,0,0,-50,0,-42,0,-56,87,-54,-58,-101,0,0,72,-908,-891,-1043,-1051,-1102,-1100,-1083,-1057,-1064,-1001]} 1. e4 e5 2. Nf3 Nc6 3. Bc4 Bc5 4. O-O Nf6 5. d3 d6 6. c3 h6 7. Re1 O-O 8. h3 a5 {now supersedes 8...a6. C54: Giuoco Piano: 4 c3 Nf6, main lines with 5 d4 and 5 d3.} 9. Nbd2 Bb6 10. Nf1 Ne7 {The position is equal.} 11. Ng3 {[#]} Be6 $146 ({Predecessor:} 11... Ng6 12. d4 exd4 13. cxd4 d5 14. exd5 Nxd5 15. Ne5 Nxe5 16. dxe5 Nb4 17. Qb3 Qe7 {1-0 (47) Antipov,M (2567)-Sysolyatin,E (2271) Sochi 2019}) 12. Bxe6 fxe6 13. d4 exd4 14. cxd4 Ng6 15. Be3 a4 16. Qc2 {Black must now prevent e5.} Qe8 17. a3 d5 18. e5 Nd7 19. Nd2 Ba5 20. Rec1 {[#]} (20. Rad1 $15) 20... c5 $1 $17 {[%mdl 512]} 21. dxc5 Ngxe5 22. Rf1 Nc6 {Hoping for ...d4.} 23. b4 axb3 $1 24. Nxb3 Bc7 25. Nd4 Be5 26. Nge2 Ra5 (26... Na5 $17 27. Bd2 Nc4) 27. Nxc6 bxc6 28. Ra2 Qe7 29. Rc1 Rfa8 30. a4 Bf6 31. Ra3 e5 32. Ng3 Qe6 33. Qg6 ({White should play} 33. Nf5) 33... d4 ({Reject} 33... Rxa4 $6 34. Rxa4 Rxa4 35. Nf5 $15) (33... Qf7 $17 34. Qg4 e4) 34. Bd2 $11 Rxa4 35. Rxa4 Rxa4 36. Ne4 (36. Nf5 $11 {keeps the balance.}) 36... Nf8 (36... Qf7 $17 37. Qg4 h5) 37. Qg3 $1 $15 Kh7 38. Rb1 (38. Nxf6+ $2 Qxf6 39. Qb3 Ra8 $17) 38... Ra7 39. Qd3 $1 Kg8 40. Rb8 Be7 41. Qf3 Qf7 {...Qxf3 is the strong threat.} 42. Qg3 Qe6 43. Re8 (43. Qf3 $11) 43... Kh7 {[#]} (43... Rd7 $15 {stays ahead.}) 44. Rb8 (44. Qf3 $1 $16 {[%cal Rf3f8] Threatens to win with Qxf8!} Qg6 45. Rxe7 {[%mdl 64] Remove Defender} Rxe7 46. Qxf8) 44... Nd7 $36 {[%mdl 2048] Black has good play.} 45. Qd3 {[%csl Gd2][%cal Re4g5] [#]} Qg6 (45... g6 $1 $17 46. Re8 Qf7) 46. Rc8 Nf8 (46... Nxc5 $11 {remains equal.} 47. Nxc5 Qxd3 48. Nxd3 Ra2) 47. Rxc6 $2 {[%mdl 8192] This costs White the game.} (47. f3 $16) 47... Qxc6 $19 {Black is clearly winning.} 48. Ng5+ Kh8 49. Nf7+ Kg8 50. Nxe5 Qd5 51. Bf4 Bxc5 {Accuracy: White = 55%, Black = 60%.} 0-1